Data Communications & Networking (Record no. 881)

MARC details
000 -LEADER
fixed length control field 00386nam a2200169Ia 4500
008 - FIXED-LENGTH DATA ELEMENTS--GENERAL INFORMATION
fixed length control field 221030s9999 xx 000 0 und d
020 ## - INTERNATIONAL STANDARD BOOK NUMBER
ISBN 0070634149
041 ## - LANGUAGE CODE
Language code of text/sound track or separate title
082 ## - DEWEY DECIMAL CLASSIFICATION NUMBER
Classification number 105.23
Item number For
100 ## - MAIN ENTRY--AUTHOR NAME
Personal name B. A. Forouzan
245 #0 - TITLE STATEMENT
Title Data Communications & Networking
250 ## - EDITION STATEMENT
Edition statement 4th
260 ## - PUBLICATION, DISTRIBUTION, ETC. (IMPRINT)
Name of publisher TMH
Place of publication New Delhi
Year of publication 2006
300 ## - PHYSICAL DESCRIPTION
Number of Pages 1134
650 ## - SUBJECT ADDED ENTRY--TOPICAL TERM
Topical Term Computers
942 ## - ADDED ENTRY ELEMENTS (KOHA)
Koha item type Books
Holdings
Accession Number Cost, normal purchase price Full call number Price effective from Koha item type Withdrawn / writtenoff status Materials specified (bound volume or other part) Damaged status Not for loan Permanent Location Current Location Shelving location Date acquired Lost/ Missing status department
M 751 350.00 105.23 For 10/30/2022 Books   Print     MIET Library, Jammu MIET Library, Jammu BL-Academic Block- B, FL-2, CUP-83, SH-2, R-2 06/22/2006   MCA
M 752 350.00 105.23 For 10/30/2022 Books   Print     MIET Library, Jammu MIET Library, Jammu BL-Academic Block- B, FL-2, CUP-83, SH-2, R-2 06/22/2006   MCA
M 753 350.00 105.23 For 10/30/2022 Books   Print     MIET Library, Jammu MIET Library, Jammu BL-Second, FL-1, CUP-83, SH-2, R-2 06/22/2006   MCA
M 754 350.00 105.23 For 10/30/2022 Books   Print     MIET Library, Jammu MIET Library, Jammu BL-Second, FL-1, CUP-83, SH-2, R-2 06/22/2006   MCA
M 750 350.00 105.23 For 10/30/2022 Books   Print     MIET Library, Jammu MIET Library, Jammu BL-Second, FL-1, CUP-96, SH-3, R-3 06/22/2006   MCA
BE 8443 350.00 105.23 For 10/30/2022 Books   Print     MIET Library, Jammu MIET Library, Jammu BL-First, FL-1, CUP-29, SH-3, R-3 11/04/2006   BE
BE 8444 350.00 105.23 For 10/30/2022 Books   Print     MIET Library, Jammu MIET Library, Jammu BL-Academic Block C, FL-2, CUP-29, SH-3, R-3 11/04/2006   BE
BE 8790 350.00 105.23 For 10/30/2022 Books   Print     MIET Library, Jammu MIET Library, Jammu BL-Academic Block C, FL-2, CUP-29, SH-3, R-3 11/23/2006   BE
BE 8791 350.00 105.23 For 10/30/2022 Books   Print     MIET Library, Jammu MIET Library, Jammu BL-Academic Block C, FL-2, CUP-29, SH-3, R-3 11/23/2006   BE